Fundamental in internal combustion engg. (Record no. 16909)
[ view plain ]
| 000 -LEADER | |
|---|---|
| fixed length control field | 00383nam a2200157Ia 4500 |
| 003 - CONTROL NUMBER IDENTIFIER | |
| control field | OSt |
| 005 - DATE AND TIME OF LATEST TRANSACTION | |
| control field | 20240404124304.0 |
| 008 - FIXED-LENGTH DATA ELEMENTS--GENERAL INFORMATION | |
| fixed length control field | 170619s9999 xx 000 0 und d |
| 040 ## - CATALOGING SOURCE | |
| Transcribing agency | IIMT ENGINEERING COLLEGE |
| 100 ## - MAIN ENTRY--PERSONAL NAME | |
| Personal name | GILL PAUL W. |
| 245 #0 - TITLE STATEMENT | |
| Title | Fundamental in internal combustion engg. |
| 260 ## - PUBLICATION, DISTRIBUTION, ETC. | |
| Name of publisher, distributor, etc. | Oxford & IBH Pub. |
| 260 ## - PUBLICATION, DISTRIBUTION, ETC. | |
| Date of publication, distribution, etc. | 1951 |
| 546 ## - LANGUAGE NOTE | |
| Language note | ENGLISH |
| 942 ## - ADDED ENTRY ELEMENTS (KOHA) | |
| Source of classification or shelving scheme | |
| Koha item type | Text-Book- for 7 days |
| Withdrawn status | Lost status | Source of classification or shelving scheme | Damaged status | Not for loan | Home library | Current library | Date acquired | Source of acquisition | Total Checkouts | Barcode | Date last seen | Price effective from | Koha item type |
|---|---|---|---|---|---|---|---|---|---|---|---|---|---|
| IIMT Engineering College-BTech | IIMT Engineering College-BTech | 11/13/2003 | 1 | 06-B-6506 | 07/03/2017 | 07/03/2017 | Text-Book- for 7 days | ||||||
| IIMT Engineering College-BTech | IIMT Engineering College-BTech | 11/13/2003 | 1 | 06-B-6507 | 07/03/2017 | 07/03/2017 | Text-Book- for 7 days | ||||||
| IIMT Engineering College-BTech | IIMT Engineering College-BTech | 11/13/2003 | 1 | 06-B-6508 | 07/03/2017 | 07/03/2017 | Text-Book- for 7 days | ||||||
| IIMT Engineering College-BTech | IIMT Engineering College-BTech | 11/13/2003 | 1 | 06-B-6509 | 07/03/2017 | 07/03/2017 | Text-Book- for 7 days |

